000 00615nam a2200229Ia 4500
003 OSt
005 20220918201117.0
006 a|||||r|||| 00| 0
007 ta
008 220917b |||||||| |||| 00| 0 eng d
024 _a91,789
037 _cTextual
040 _aARTS
_cARTS
_beng
041 _2eng
_aeng
082 _aV:7, K21
100 _aHeizer Robert F ed
_996889
245 0 _aMan's discovery of his past
_b literature landmarks in archaeology
260 _c1962
650 _aARCHEOLOGY; HISTORY
_91499
942 _hV:7, K21
_cTEXL
_2CC
999 _c215446
_d215446